[Event "Kolobrzeg op"]
[Site "Kolobrzeg"]
[Date "2008.08.20"]
[Round "3"]
[White "Ferenc, Jozef"]
[Black "Wojciechowski, Piotr"]
[Result "0-1"]
[WhiteElo "2095"]
[BlackElo "2247"]
[PlyCount "109"]
[EventDate "2008.08.18"]
[EventType "swiss"]
[EventRounds "9"]
[EventCountry "POL"]
[SourceTitle "CBM 126 Extra"]
[Source "ChessBase"]
[SourceDate "2008.11.05"]
[SourceVersion "1"]
[SourceVersionDate "2008.11.05"]
[SourceQuality "1"]

1. e4 c5 2. Nf3 e6 3. d4 cxd4 4. Nxd4 Nc6 5. Be3 Nf6 6. Bd3 e5 7. Nb3 d5 8. exd5 Nxd5 9. Bd2 Be7 10. 0-0 0-0 11. Nc3 Ndb4 12. Be4 f5 13. a3 fxe4 14. axb4 Bf5 15. Nc5 Nxb4 16. Nxb7 Qd7 17. Na5 Nxc2 18. Qxc2 e3 19. Ne4 Bxe4 20. Qb3+ Bd5 21. Qxe3 Rae8 22. Bc3 Qg4 23. Qg3 Qxg3 24. hxg3 Bc5 25. Rad1 Be6 26. Rd2 Bb6 27. Nc6 Bc4 28. Re1 e4 29. Bd4 Re6 30. Bxb6 axb6 31. Nb4 b5 32. Rd4 Rfe8 33. Re3 Ra8 34. g4 Ra4 35. Nc2 Ra2 36. Na3 Bd3 37. Rb4 Ra1+ 38. Kh2 Rh6+ 39. Kg3 Rg6 40. f4 Ra6 41. Rb3 Ra4 42. Rc3 Ra2 43. Rc1 Kf7 44. Rc7+ Kf8 45. Nxb5 Bxb5 46. Rb3 Be8 47. Rbb7 Rd4 48. Rxg7 Rxb2 49. Ra7 Rd3+ 50. Kh4 Rxg2 51. Kg5 Rh2 52. Rxh7 Rxh7 53. Rxh7 e3 54. Kf6 Rd6+ 55. Kf5 0-1

[Event "Kolobrzeg op"]
[Site "Kolobrzeg"]
[Date "2008.08.19"]
[Round "2"]
[White "Ferenc, Jozef"]
[Black "Smolka, Marcin"]
[Result "1-0"]
[WhiteElo "2095"]
[BlackElo "1849"]
[PlyCount "53"]
[EventDate "2008.08.18"]
[EventType "swiss"]
[EventRounds "9"]
[EventCountry "POL"]
[SourceTitle "CBM 126 Extra"]
[Source "ChessBase"]
[SourceDate "2008.11.05"]
[SourceVersion "1"]
[SourceVersionDate "2008.11.05"]
[SourceQuality "1"]

1. e4 e6 2. d4 d5 3. Nd2 Nf6 4. Bd3 c5 5. e5 Nfd7 6. c3 Nc6 7. Ne2 Be7 8. 0-0 f5 9. Nf4 Nf8 10. Qh5+ g6 11. Qh6 Rg8 12. Nf3 c4 13. Bc2 Kd7 14. b3 g5 15. Nxe6 Nxe6 16. Bxf5 Kc7 17. Bxe6 Rg6 18. Qxh7 Rxe6 19. Nxg5 Kb8 20. Nxe6 Bxe6 21. f4 cxb3 22. axb3 Qb6 23. Qd3 Qxb3 24. Rb1 Qa2 25. f5 Bc8 26. Bf4 a5 27. Qb5 1-0

[Event "Kochan Memorial op 19th"]
[Site "Koszalin"]
[Date "2008.08.07"]
[Round "4"]
[White "Stolarczyk, Anna"]
[Black "Ferenc, Jozef"]
[Result "0-1"]
[WhiteElo "2015"]
[BlackElo "2095"]
[PlyCount "66"]
[EventDate "2008.08.04"]
[EventType "swiss"]
[EventRounds "9"]
[EventCountry "POL"]
[SourceTitle "CBM 125 Extra"]
[Source "ChessBase"]
[SourceDate "2008.09.01"]
[SourceVersion "1"]
[SourceVersionDate "2008.09.01"]
[SourceQuality "1"]

1. d4 Nf6 2. c4 d6 3. Nc3 g6 4. Bg5 Bg7 5. Nf3 0-0 6. e3 c5 7. Be2 cxd4 8. exd4 Bg4 9. 0-0 Nc6 10. Qd2 Qa5 11. a3 Bxf3 12. Bxf3 Nxd4 13. Qxd4 Qxg5 14. Bxb7 Ng4 15. Qd5 Qf4 16. g3 Qh6 17. h4 Rab8 18. Qe4 f5 19. Qxe7 f4 20. Qe6+ Kh8 21. Qxg4 Rxb7 22. Nb5 Bxb2 23. Nxd6 Rc7 24. Rab1 Be5 25. Qe6 Qg7 26. Ne8 Qe7 27. Nxc7 Qxc7 28. Rb5 Bd4 29. g4 f3 30. Kh1 Qd8 31. g5 Rf4 32. Kh2 Qc7 33. Qe8+ Rf8+ 0-1

[Event "Kochan Memorial op 19th"]
[Site "Koszalin"]
[Date "2008.08.06"]
[Round "3"]
[White "Ferenc, Jozef"]
[Black "Szurgot, Dominik"]
[Result "1/2-1/2"]
[WhiteElo "2095"]
[BlackElo "2003"]
[PlyCount "51"]
[EventDate "2008.08.04"]
[EventType "swiss"]
[EventRounds "9"]
[EventCountry "POL"]
[SourceTitle "CBM 125 Extra"]
[Source "ChessBase"]
[SourceDate "2008.09.01"]
[SourceVersion "1"]
[SourceVersionDate "2008.09.01"]
[SourceQuality "1"]

1. e4 c5 2. Nf3 Nc6 3. d4 cxd4 4. Nxd4 Nf6 5. Nc3 e6 6. Nxc6 bxc6 7. e5 Nd5 8. Nxd5 cxd5 9. Bd3 Ba6 10. 0-0 Bxd3 11. cxd3 d6 12. exd6 Bxd6 13. Qa4+ Qd7 14. Qxd7+ Kxd7 15. Be3 e5 16. Rac1 d4 17. Bd2 Rhc8 18. Rxc8 Rxc8 19. Rc1 Rxc1+ 20. Bxc1 Kc6 21. Kf1 Kd5 22. h3 f5 23. Ke2 e4 24. Bd2 a6 25. Bg5 Kc6 26. Bd2 1/2-1/2

[Event "Kochan Memorial op-A 18th"]
[Site "Koszalin"]
[Date "2007.08.10"]
[Round "6"]
[White "Path, David"]
[Black "Ferenc, Jozef"]
[Result "1-0"]
[WhiteElo "2090"]
[BlackElo "2116"]
[PlyCount "75"]
[EventDate "2007.08.05"]
[EventType "swiss"]
[EventRounds "9"]
[EventCountry "POL"]
[SourceTitle "CBM 119 Extra"]
[Source "ChessBase"]
[SourceDate "2007.09.04"]
[SourceVersion "1"]
[SourceVersionDate "2007.09.04"]
[SourceQuality "1"]

1. Nf3 Nf6 2. c4 g6 3. Nc3 Bg7 4. e4 d6 5. d4 0-0 6. Be2 Bg4 7. 0-0 c6 8. Be3 Nbd7 9. Qc2 e5 10. Rfd1 Qc7 11. Rab1 Rfe8 12. d5 cxd5 13. cxd5 a6 14. h3 Bxf3 15. Bxf3 b5 16. Rdc1 Rec8 17. Qd2 Qb7 18. g3 Rc7 19. Bg2 Rac8 20. f3 h5 21. Bf1 Kh7 22. Ne2 Ng8 23. g4 hxg4 24. hxg4 Bf6 25. g5 Bd8 26. Bh3 Ne7 27. Bxd7 Rxd7 28. Rxc8 Nxc8 29. Rc1 Rc7 30. Kf2 Kg8 31. Nc3 Nb6 32. b3 Nd7 33. Kg3 Kf8 34. Qh2 Ke7 35. Qh8 b4 36. Rh1 Rxc3 37. Qg8 Rxe3 38. Rh8 1-0

[Event "Kochan Memorial op-A 18th"]
[Site "Koszalin"]
[Date "2007.08.07"]
[Round "3"]
[White "Kulon, Klaudia"]
[Black "Ferenc, Jozef"]
[Result "1/2-1/2"]
[WhiteElo "2170"]
[BlackElo "2116"]
[PlyCount "103"]
[EventDate "2007.08.05"]
[EventType "swiss"]
[EventRounds "9"]
[EventCountry "POL"]
[SourceTitle "CBM 119 Extra"]
[Source "ChessBase"]
[SourceDate "2007.09.04"]
[SourceVersion "1"]
[SourceVersionDate "2007.09.04"]
[SourceQuality "1"]

1. e4 Nf6 2. e5 Nd5 3. d4 d6 4. Nf3 g6 5. h3 Bg7 6. c4 Nb6 7. exd6 cxd6 8. Nc3 0-0 9. a3 Nc6 10. b4 e5 11. Be3 exd4 12. Nxd4 Nxd4 13. Bxd4 Re8+ 14. Be2 Nxc4 15. Bxg7 Kxg7 16. Qd4+ Ne5 17. 0-0-0 Kg8 18. f4 Nc6 19. Qxd6 Qxd6 20. Rxd6 Be6 21. Bf3 Rec8 22. Kb2 Rab8 23. Ne4 a5 24. b5 Ne7 25. g4 h6 26. Nf6+ Kf8 27. Re1 Rd8 28. Rxd8+ Rxd8 29. Bxb7 Rd3 30. Rxe6 fxe6 31. Be4 Rd6 32. g5 hxg5 33. fxg5 Nc8 34. Bxg6 Nb6 35. h4 Rd2+ 36. Kc3 Ra2 37. Kb3 Rg2 38. Kc3 Ra2 39. h5 Rxa3+ 40. Kb2 Rh3 41. h6 a4 42. h7 Kg7 43. Be4 Rb3+ 44. Ka2 Rxb5 45. Ne8+ Kh8 46. Nd6 Rf5 47. g6 Rh5 48. Ka3 Nd7 49. Nf7+ Kg7 50. Nd6 Nf6 51. Bc2 Rh4 52. Bb1 1/2-1/2

[Event "Perla Baltyku op-A 3rd"]
[Site "Mielno"]
[Date "2007.06.23"]
[Round "7"]
[White "Ferenc, Jozef"]
[Black "Tofil, Borys"]
[Result "0-1"]
[WhiteElo "2116"]
[BlackElo "2138"]
[PlyCount "120"]
[EventDate "2007.06.18"]
[EventType "swiss"]
[EventRounds "9"]
[EventCountry "POL"]
[SourceTitle "CBM 119 Extra"]
[Source "ChessBase"]
[SourceDate "2007.09.04"]
[SourceVersion "1"]
[SourceVersionDate "2007.09.04"]
[SourceQuality "1"]

1. e4 c5 2. Nf3 e6 3. c4 Nc6 4. Nc3 d6 5. d4 cxd4 6. Nxd4 Nf6 7. Be2 Be7 8. 0-0 0-0 9. Be3 a6 10. Qd2 Qc7 11. Rac1 Rd8 12. f4 b6 13. Bf3 Nxd4 14. Bxd4 Bb7 15. Qf2 Nd7 16. Qg3 Bf6 17. Bxf6 Nxf6 18. e5 dxe5 19. fxe5 Bxf3 20. exf6 Qxg3 21. hxg3 Bc6 22. fxg7 Rd4 23. Rf4 Rd2 24. Rf2 Rad8 25. Rcf1 Rxf2 26. Rxf2 Rd3 27. Ne2 Rd1+ 28. Kh2 Rd2 29. Kg1 Rxb2 30. Nd4 Rb1+ 31. Kh2 Be4 32. Nb3 Bg6 33. c5 bxc5 34. Nxc5 a5 35. Nb3 a4 36. Nc5 a3 37. Rf3 Rb5 38. Nd7 Ra5 39. Nb6 Kxg7 40. Nc4 Ra4 41. Nxa3 Be4 42. Re3 Bd5 43. Kh3 Kg6 44. Rc3 h5 45. Kh2 Kg5 46. Re3 f5 47. Rc3 Kf6 48. Re3 Be4 49. Kg1 Kg5 50. Kh2 e5 51. Kg1 Rd4 52. Re2 Rd3 53. Nc4 Rd1+ 54. Kh2 Bd3 55. Rd2 Rxd2 56. Nxd2 e4 57. Kh3 Be2 58. a4 e3 59. Nb1 Bc4 60. Kh2 e2 0-1

[Event "Kochan Memorial op 17th"]
[Site "Koszalin"]
[Date "2006.08.12"]
[Round "9"]
[White "Ferenc, Jozef"]
[Black "Carlstedt, Jonathan"]
[Result "0-1"]
[WhiteElo "2123"]
[BlackElo "2052"]
[PlyCount "86"]
[EventDate "2006.08.04"]
[EventType "swiss"]
[EventRounds "10"]
[EventCountry "POL"]
[SourceTitle "CBM 113 Extra"]
[Source "ChessBase"]
[SourceDate "2006.09.14"]
[SourceVersion "1"]
[SourceVersionDate "2006.09.14"]
[SourceQuality "1"]

1. c4 Nf6 2. Nc3 g6 3. e4 d6 4. d4 c5 5. dxc5 Qa5 6. cxd6 Nxe4 7. dxe7 Bxe7 8. Qd5 Qxd5 9. Nxd5 Na6 10. Bd3 Bf5 11. Be3 Nb4 12. Nxb4 Bxb4+ 13. Ke2 0-0-0 14. Rd1 Rhe8 15. Bxe4 Bxe4 16. Nf3 f5 17. Rxd8+ Kxd8 18. Rd1+ Kc8 19. Kf1 b6 20. Ng5 Bc2 21. Rc1 Bd3+ 22. Kg1 h6 23. Nf3 Kb7 24. h4 Re4 25. c5 bxc5 26. Bxc5 Ba5 27. b4 Bc7 28. g3 f4 29. g4 Be2 30. Nd2 Re5 31. f3 Rd5 32. Rc2 Bd1 33. Rc1 Rxd2 34. Bxa7 Bxf3 35. a4 Rd1+ 36. Rxd1 Bxd1 37. Bf2 Bxa4 38. Kg2 Bc6+ 39. Kh3 Bd7 40. Kg2 Bxg4 41. Bd4 Bd8 42. Bg7 Bxh4 43. Bxh6 f3+ 0-1

[Event "Kochan Memorial op 17th"]
[Site "Koszalin"]
[Date "2006.08.04"]
[Round "1"]
[White "Zoltek, Tadeusz"]
[Black "Ferenc, Jozef"]
[Result "1/2-1/2"]
[WhiteElo "2280"]
[BlackElo "2123"]
[PlyCount "86"]
[EventDate "2006.08.04"]
[EventType "swiss"]
[EventRounds "10"]
[EventCountry "POL"]
[SourceTitle "CBM 113 Extra"]
[Source "ChessBase"]
[SourceDate "2006.09.14"]
[SourceVersion "1"]
[SourceVersionDate "2006.09.14"]
[SourceQuality "1"]

1. c4 Nf6 2. Nc3 c5 3. g3 Nc6 4. Bg2 g6 5. d3 Bg7 6. e4 d6 7. Nge2 0-0 8. 0-0 e5 9. Rb1 Nh5 10. Nd5 f5 11. f4 fxe4 12. dxe4 Bg4 13. Bf3 Bxf3 14. Rxf3 exf4 15. Ndxf4 Qe7 16. Qd5+ Kh8 17. Rb3 Nf6 18. Qe6 Rae8 19. Qxe7 Rxe7 20. Nd5 Nxd5 21. cxd5 Na5 22. Rb5 Rxe4 23. Nf4 b6 24. h4 Re1+ 25. Kg2 Bd4 26. b4 Nc4 27. bxc5 dxc5 28. Bb2 Re4 29. Bc1 Be3 30. Bxe3 Rxe3 31. R5b3 Re4 32. Rf1 Ne3+ 33. Rxe3 Rfxf4 34. Rxe4 Rxe4 35. Rd1 Re5 36. d6 Re8 37. Rd3 Kg8 38. Kf3 c4 39. Rd4 b5 40. a4 a6 41. axb5 axb5 42. Rd5 b4 43. Rd4 Rd8 1/2-1/2

[Event "POL-chT 2nd League"]
[Site "Wysowa"]
[Date "2005.09.01"]
[Round "6.22"]
[White "Czernicki, Bogdan"]
[Black "Ferenc, Jozef"]
[Result "0-1"]
[WhiteElo "2171"]
[BlackElo "2161"]
[PlyCount "49"]
[EventDate "2005.08.27"]
[EventType "team-swiss"]
[EventRounds "9"]
[EventCountry "POL"]
[SourceTitle "EXT 2019"]
[Source "ChessBase"]
[SourceDate "2018.10.10"]
[SourceVersion "1"]
[SourceVersionDate "2018.10.10"]
[SourceQuality "1"]
[WhiteTeam "Krakow TKKF Drogowiec"]
[BlackTeam "Koszalin Hetman Politechnika"]
[WhiteTeamCountry "POL"]
[BlackTeamCountry "POL"]

1. d4 Nf6 2. Nf3 g6 3. c4 Bg7 4. Nc3 d6 5. e4 0-0 6. Be2 c5 7. d5 Na6 8. h3 Nc7 9. 0-0 a6 10. a4 Rb8 11. Bf4 Bd7 12. e5 Nfe8 13. a5 b5 14. axb6 Rxb6 15. Ra2 Qb8 16. exd6 exd6 17. Qc1 Nf6 18. Nd2 Re8 19. Bf3 Bf5 20. b3 Qd8 21. Rd1 Qe7 22. Na4 Rb4 23. Nxc5 Ncxd5 24. cxd5 Rxf4 25. Nxa6 0-1

[Event "POL-chT 2nd League"]
[Site "Wysowa"]
[Date "2005.08.30"]
[Round "4.10"]
[White "Ferenc, Jozef"]
[Black "Rams, Michal"]
[Result "1/2-1/2"]
[WhiteElo "2161"]
[BlackElo "2181"]
[PlyCount "84"]
[EventDate "2005.08.27"]
[EventType "team-swiss"]
[EventRounds "9"]
[EventCountry "POL"]
[SourceTitle "EXT 2019"]
[Source "ChessBase"]
[SourceDate "2018.10.10"]
[SourceVersion "1"]
[SourceVersionDate "2018.10.10"]
[SourceQuality "1"]
[WhiteTeam "Koszalin Hetman Politechnika"]
[BlackTeam "Warszawa YMCA"]
[WhiteTeamCountry "POL"]
[BlackTeamCountry "POL"]

1. e4 g6 2. d4 Bg7 3. f4 d6 4. Nf3 Nf6 5. Nc3 c5 6. Bb5+ Bd7 7. e5 Ng4 8. e6 Bxb5 9. exf7+ Kf8 10. Nxb5 Qd7 11. h3 Nf6 12. Qe2 a6 13. Nc3 cxd4 14. Nxd4 Kxf7 15. 0-0 Nc6 16. Nf3 h6 17. Be3 e6 18. Rad1 Nd5 19. Nxd5 exd5 20. c3 Rhe8 21. Qd2 Qf5 22. Rfe1 d4 23. Nxd4 Bxd4 24. Bxd4 Rxe1+ 25. Rxe1 Re8 26. Rxe8 Kxe8 27. Bg7 Kd7 28. Bxh6 Qb1+ 29. Kh2 Qxa2 30. g4 Qe6 31. Kg3 a5 32. Kh4 a4 33. Kg5 Nd8 34. Kh4 Qe4 35. Qf2 Ke6 36. Bg7 Kf7 37. Bd4 Nc6 38. Bb6 Ne7 39. Kg5 Nd5 40. Bd4 Qe7+ 41. Kh6 Qf8+ 42. Kg5 Qe7+ 1/2-1/2

[Event "Kochan Memorial op-A 16th"]
[Site "Koszalin"]
[Date "2005.08.??"]
[Round "10"]
[White "Bakalarz, Leszek"]
[Black "Ferenc, Jozef"]
[Result "0-1"]
[WhiteElo "2116"]
[BlackElo "2161"]
[PlyCount "64"]
[EventDate "2005.08.??"]
[EventType "swiss"]
[EventRounds "10"]
[EventCountry "POL"]
[SourceTitle "EXT 2006"]
[Source "ChessBase"]
[SourceDate "2005.11.24"]
[SourceVersion "1"]
[SourceVersionDate "2005.11.24"]
[SourceQuality "1"]

1. e4 d6 2. d4 Nf6 3. Nc3 g6 4. f4 Bg7 5. Nf3 0-0 6. Be3 Ng4 7. Bg1 c5 8. h3 cxd4 9. Nxd4 Nf6 10. Bc4 Nxe4 11. Nxe4 d5 12. Bd3 dxe4 13. Bxe4 e5 14. Ne2 Qe7 15. Qd5 Qb4+ 16. c3 Qa4 17. fxe5 Re8 18. Bh2 Nc6 19. b3 Qa6 20. Bd3 Qb6 21. Rf1 Be6 22. Qb5 Qc7 23. Be4 a6 24. Qc5 Rad8 25. Bxc6 Bf8 26. Qe3 Qxc6 27. g4 Be7 28. Rd1 Qg2 29. Rxd8 Rxd8 30. Qg3 Qe4 31. Qf3 Qc2 32. Kf2 Bc5+ 0-1

[Event "Kochan Memorial op-A 16th"]
[Site "Koszalin"]
[Date "2005.08.??"]
[Round "4"]
[White "Brzeski, Maciej"]
[Black "Ferenc, Jozef"]
[Result "1-0"]
[WhiteElo "2249"]
[BlackElo "2161"]
[PlyCount "39"]
[EventDate "2005.08.??"]
[EventType "swiss"]
[EventRounds "10"]
[EventCountry "POL"]
[SourceTitle "EXT 2006"]
[Source "ChessBase"]
[SourceDate "2005.11.24"]
[SourceVersion "1"]
[SourceVersionDate "2005.11.24"]
[SourceQuality "1"]

1. e4 c5 2. Nc3 d6 3. Bc4 Nf6 4. f4 g6 5. Nf3 Bg7 6. 0-0 0-0 7. Qe1 Nc6 8. f5 gxf5 9. d3 fxe4 10. dxe4 Nd4 11. Qh4 Nxf3+ 12. Rxf3 Be6 13. Nd5 b5 14. Rg3 Kh8 15. Nxe7 Ng8 16. Bg5 Qd7 17. Nxg8 Rxg8 18. Bf6 Qe8 19. Qh6 Qf8 20. Bxe6 1-0

[Event "Kochan Memorial op-A 16th"]
[Site "Koszalin"]
[Date "2005.08.??"]
[Round "1"]
[White "Czakon, Jakub"]
[Black "Ferenc, Jozef"]
[Result "1-0"]
[WhiteElo "2461"]
[BlackElo "2161"]
[PlyCount "49"]
[EventDate "2005.08.??"]
[EventType "swiss"]
[EventRounds "10"]
[EventCountry "POL"]
[SourceTitle "EXT 2006"]
[Source "ChessBase"]
[SourceDate "2005.11.24"]
[SourceVersion "1"]
[SourceVersionDate "2005.11.24"]
[SourceQuality "1"]

1. d4 Nf6 2. c4 d6 3. Nf3 g6 4. Nc3 Bg7 5. e4 c5 6. d5 0-0 7. h3 e6 8. Bd3 exd5 9. exd5 Re8+ 10. Be3 Bh6 11. 0-0 Bxe3 12. fxe3 Rxe3 13. Qd2 Re7 14. Rf2 Nbd7 15. Raf1 Ne8 16. Qh6 f6 17. g4 Rg7 18. Kh1 a6 19. Ne4 b6 20. Qf4 Qe7 21. Re1 Ne5 22. Nxf6+ Nxf6 23. Nxe5 Ne8 24. Ref1 Kh8 25. Nf7+ 1-0

[Event "Kochan Memorial op-A 16th"]
[Site "Koszalin"]
[Date "2005.08.??"]
[Round "5"]
[White "Ferenc, Jozef"]
[Black "Jagodzinski, Waldemar"]
[Result "0-1"]
[WhiteElo "2161"]
[BlackElo "2159"]
[PlyCount "54"]
[EventDate "2005.08.??"]
[EventType "swiss"]
[EventRounds "10"]
[EventCountry "POL"]
[SourceTitle "EXT 2006"]
[Source "ChessBase"]
[SourceDate "2005.11.24"]
[SourceVersion "1"]
[SourceVersionDate "2005.11.24"]
[SourceQuality "1"]

1. e4 d6 2. Bc4 Nf6 3. Nc3 c5 4. Nge2 g6 5. d4 cxd4 6. Nxd4 Bg7 7. f3 0-0 8. Be3 Nc6 9. Qd2 Bd7 10. Nxc6 bxc6 11. g4 Qb8 12. Bb3 a5 13. Rb1 Rd8 14. h4 h5 15. gxh5 Nxh5 16. Rg1 d5 17. exd5 Be6 18. Rg5 Qb4 19. Qf2 cxd5 20. Bc5 Qb7 21. Bd4 a4 22. Rxh5 axb3 23. axb3 gxh5 24. Qg3 f6 25. Kd2 Bf5 26. f4 Kf7 27. Re1 e6 0-1

[Event "Perla Baltyku op 1st"]
[Site "Mielno"]
[Date "2005.06.14"]
[Round "5"]
[White "Ferenc, Jozef"]
[Black "Szymanski, Andrzej1111"]
[Result "0-1"]
[WhiteElo "2161"]
[BlackElo "2257"]
[PlyCount "122"]
[EventDate "2005.06.10"]
[EventType "swiss"]
[EventRounds "10"]
[EventCountry "POL"]
[SourceTitle "EXT 2006"]
[Source "ChessBase"]
[SourceDate "2005.11.24"]
[SourceVersion "1"]
[SourceVersionDate "2005.11.24"]
[SourceQuality "1"]

1. e4 c5 2. Nf3 Nc6 3. d4 cxd4 4. Nxd4 Nf6 5. Nc3 d6 6. Be2 e5 7. Nb3 Be7 8. 0-0 0-0 9. Be3 Be6 10. Bf3 a5 11. a3 a4 12. Nc1 Qa5 13. Nd5 Bxd5 14. exd5 Nb8 15. c4 Nbd7 16. Na2 Nc5 17. Rc1 Nfd7 18. Nb4 f5 19. g3 Bf6 20. Rc2 Rac8 21. Bg2 Qd8 22. f4 Qe7 23. Re2 Nb3 24. fxe5 Bxe5 25. Qd3 g6 26. Rfe1 Qg7 27. Rb1 Rfe8 28. Bf2 Ndc5 29. Qd1 Re7 30. Nd3 Nxd3 31. Qxd3 Rec7 32. c5 Nxc5 33. Qb5 Qd7 34. Qb6 Nb3 35. Bf1 Qg7 36. Rbe1 Nd4 37. Re3 Nc2 38. Rxe5 dxe5 39. Qe6+ Qf7 40. Rxe5 Na1 41. Bb5 Rc1+ 42. Kg2 R1c5 43. Qxf7+ Kxf7 44. Bxc5 Rxc5 45. Bxa4 Kf6 46. Re6+ Kf7 47. Rd6 b5 48. Bd1 Nc2 49. Bf3 Nd4 50. Bd1 Rc1 51. Rd7+ Kf6 52. Rxh7 Rxd1 53. d6 Rd2+ 54. Kf1 Rxb2 55. Rb7 Rxh2 56. a4 bxa4 57. Rb4 a3 58. d7 Ne6 59. Rb6 Ke7 60. Rxe6+ Kxd7 61. Ra6 a2 0-1

[Event "MK Cafe Cup-B"]
[Site "Koszalin"]
[Date "1999.08.10"]
[Round "7"]
[White "Babar, Michael"]
[Black "Ferenc, Jozef"]
[Result "1-0"]
[WhiteElo "2166"]
[BlackElo "2272"]
[PlyCount "87"]
[EventDate "1999.08.03"]
[EventType "swiss"]
[EventRounds "10"]
[EventCountry "POL"]
[SourceTitle "EXT 2000"]
[Source "ChessBase"]
[SourceDate "1999.11.16"]
[SourceVersion "1"]
[SourceVersionDate "1999.11.16"]
[SourceQuality "1"]

1. d4 Nf6 2. Bg5 g6 3. Bxf6 exf6 4. e3 d5 5. Bd3 Bg7 6. Ne2 0-0 7. Nf4 Re8 8. 0-0 c6 9. Nd2 Nd7 10. c3 Nf8 11. a4 Ne6 12. Qc2 Nxf4 13. exf4 Qd6 14. Rae1 Bd7 15. f5 g5 16. Re3 Re7 17. Rfe1 Rae8 18. Nf1 Bf8 19. Qd1 c5 20. Bc2 b6 21. Rxe7 Rxe7 22. Rxe7 Bxe7 23. Ne3 Bc6 24. Bb3 c4 25. Bc2 a6 26. b3 b5 27. b4 Bd8 28. a5 Bc7 29. g3 Qf8 30. Qh5 Qe7 31. Kg2 Bd8 32. Kf1 Bc7 33. Qh6 Bd8 34. Ng4 Bd7 35. h4 gxh4 36. Qxh4 Kg7 37. Qh1 Qd6 38. Ne3 Bc6 39. Bd1 Bxa5 40. bxa5 Qa3 41. Ng4 Qxc3 42. Qh6+ Kg8 43. Nxf6+ Kh8 44. Qf8# 1-0

[Event "MK Cafe Cup-A"]
[Site "Koszalin"]
[Date "1998.08.12"]
[Round "10"]
[White "Dabrowska, Krystyna"]
[Black "Ferenc, Jozef"]
[Result "0-1"]
[WhiteElo "2300"]
[BlackElo "2280"]
[PlyCount "122"]
[EventDate "1998.08.03"]
[EventType "swiss"]
[EventRounds "10"]
[EventCountry "POL"]
[SourceTitle "CBM 065 Extra"]
[Source "ChessBase"]
[SourceDate "1998.09.09"]
[SourceVersion "1"]
[SourceVersionDate "1998.09.09"]
[SourceQuality "1"]

1. e4 Nf6 2. e5 Nd5 3. d4 d6 4. c4 Nb6 5. exd6 exd6 6. Nc3 Be7 7. Nf3 0-0 8. Be2 Bf5 9. 0-0 Re8 10. Be3 N8d7 11. d5 Bf6 12. Rc1 a6 13. b4 Ne5 14. Nxe5 Bxe5 15. Qd2 Qh4 16. g3 Qf6 17. Rfd1 Qg6 18. Bxb6 cxb6 19. Na4 h5 20. Nxb6 h4 21. Bd3 hxg3 22. hxg3 Bd4 23. Bxf5 Qxg3+ 24. Kh1 Qf3+ 25. Kg1 Bxb6 26. c5 Qxf5 27. cxb6 Qg4+ 28. Kf1 Qh3+ 29. Kg1 Re4 30. Rc3 Rg4+ 31. Rg3 Rxg3+ 32. fxg3 Qxg3+ 33. Qg2 Qxg2+ 34. Kxg2 Rc8 35. Kf3 Rc4 36. a3 Rc3+ 37. Ke2 Rxa3 38. Rc1 Rb3 39. Rc4 g5 40. Kd2 a5 41. bxa5 Ra3 42. Rc6 Rxa5 43. Rxd6 Rb5 44. Ke3 Kf8 45. Ke4 Ke7 46. Rh6 Rb4+ 47. Kf5 g4 48. d6+ Ke8 49. Rh8+ Kd7 50. Rf8 Kxd6 51. Rxf7 Kc6 52. Rf6+ Kc5 53. Rg6 Rxb6 54. Rxg4 Rb4 55. Rg7 b5 56. Ke5 Rh4 57. Rc7+ Kb4 58. Kd5 Kb3 59. Rb7 b4 60. Kc5 Kc3 61. Kb5 b3 0-1

[Event "MK Cafe Cup-A"]
[Site "Koszalin"]
[Date "1998.08.11"]
[Round "9"]
[White "Ferenc, Jozef"]
[Black "Syrtlanov, Vil"]
[Result "0-1"]
[WhiteElo "2280"]
[BlackElo "2410"]
[PlyCount "46"]
[EventDate "1998.08.03"]
[EventType "swiss"]
[EventRounds "10"]
[EventCountry "POL"]
[SourceTitle "CBM 065 Extra"]
[Source "ChessBase"]
[SourceDate "1998.09.09"]
[SourceVersion "1"]
[SourceVersionDate "1998.09.09"]
[SourceQuality "1"]

1. Nf3 Nf6 2. g3 g6 3. Bg2 Bg7 4. d4 0-0 5. c4 d6 6. Nc3 Nbd7 7. 0-0 e5 8. dxe5 dxe5 9. Qc2 c6 10. Rd1 Qe7 11. b3 Re8 12. Bb2 e4 13. Nd4 e3 14. f4 h5 15. Nf3 Ng4 16. Na4 Ndf6 17. Ne5 h4 18. Nxg4 Bxg4 19. Be5 hxg3 20. hxg3 Nh5 21. Bxg7 Nxg3 22. Bc3 Nxe2+ 23. Kf1 Nxc3 0-1